Journal of Economic Theory

Na minha lista:
Detalhes bibliográficos
Formato: Periódico
Idioma:inglês
Publicado em: New York Elsevier
Assuntos:
Tags: Adicionar Tag
Sem tags, seja o primeiro a adicionar uma tag!

MARC

LEADER 00000nas1a2200000 4500
001 s124969
005 20250701092059.0
022 |a 0022-0531 
022 |a 1095-7235 
041 0 |a eng 
044 |a US 
245 1 0 |a Journal of Economic Theory 
264 1 |a New York  |b Elsevier 
610 2 0 |a teórie ekonomické 
610 2 0 |a veda ekonomická